LEADER 03363nam 2200565 450 001 9910158580503321 010 $a1-60649-659-X 035 $a(CKB)3710000001010571 035 $a(MiAaPQ)EBC4777083 035 $a(CaSebORM)9781606496596 035 $a(EXLCZ)993710000001010571 100 $a20170113d2017 fy 0 101 0 $aeng 135 $aurcnu|||||||| 181 $2rdacontent 182 $2rdamedia 183 $2rdacarrier 200 10$aCitizen-centered cities$hVolume I$iCase studies of public involvement /$fPaul R. Messinger ; with contributions from Marco Adria, Fiona Cavanagh, Michelle Chalifoux, Moein Khanlari, Edd LeSage, Heather Stewart, and Rosslynn Zulla 205 $aFirst edition. 210 1$aNew York, New York (222 East 46th Street, New York, NY 10017) :$cBusiness Expert Press,$d2017. 215 $a1 online resource (xv, 131 pages) $cillustrations 225 1 $aService systems and innovations in business and society collection,$x2326-2699 311 $a1-60649-658-1 320 $aIncludes bibliographical references (pages 117-123) and index. 327 $aPart 1. Challenges and opportunities for putting citizens first -- 1. Nine challenges for public involvement 2.0 -- Part 2. Case studies in public involvement -- 2. Twin Brooks and Burnewood area projects -- 3. Edmonton's Walterdale Bridge -- 4. Valley Line expansion, public involvement, and Sad Don -- 5. Converting to a freeway -- 6. Too late to Streetscape 99th -- 7. Public pushback on bicycle routes -- 8. Complete streets -- 9. The goods movement strategy -- 10. "The way we move" transportation master plan -- References -- List of contributors -- Index. 330 3 $aThis casebook was inspired by a commissioned systemwide review of the public-engagement activities of the Transportation Services Department of the City of Edmonton. These cases cover a wide range of public involvement projects. All these projects involve the transportation system--the backbone of a city--common to municipal planning worldwide. The cases are animated by an electorate of digitally connected citizens who eschew surprises, expect inclusion, and demand balanced decision making. This casebook addresses the question: how do city administrators function in this new reality? 410 0$aService systems and innovations in business and society collection.$x2326-2699 606 $aCity planning$zAlberta$zEdmonton$xCitizen participation 606 $aTransportation$zAlberta$zEdmonton$xPlanning$xCitizen participation 606 $aStreet-railroads$zAlberta$zEdmonton$xPlanning$xCitizen participation 610 $acity management 610 $acollaborative governance 610 $amunicipal service delivery 610 $amunicipal transportation services 610 $aparticipatory democracy 610 $apublic consultation 610 $apublic involvement 610 $aservice systems 615 0$aCity planning$xCitizen participation. 615 0$aTransportation$xPlanning$xCitizen participation. 615 0$aStreet-railroads$xPlanning$xCitizen participation. 676 $a711.40971233 700 $aMessinger$b Paul R.$0908882 801 0$bMiAaPQ 801 1$bMiAaPQ 801 2$bMiAaPQ 906 $aBOOK 912 $a9910158580503321 996 $aCitizen-centered cities$92032809 997 $aUNINA LEADER 03520oam 2200769M 450 001 9910781288903321 005 20230814231817.0 010 $a0-429-91269-2 010 $a0-429-89846-0 010 $a0-429-47369-9 010 $a1-283-07066-9 010 $a9786613070661 010 $a1-84940-656-1 024 7 $a10.4324/9780429473692 035 $a(CKB)2550000000033508 035 $a(EBL)690057 035 $a(OCoLC)723944373 035 $a(SSID)ssj0000522008 035 $a(PQKBManifestationID)11335869 035 $a(PQKBTitleCode)TC0000522008 035 $a(PQKBWorkID)10524186 035 $a(PQKB)10041967 035 $a(MiAaPQ)EBC690057 035 $a(Au-PeEL)EBL690057 035 $a(CaPaEBR)ebr10464010 035 $a(CaONFJC)MIL307066 035 $a(OCoLC)1052208675 035 $a(OCoLC-P)1052208675 035 $a(FlBoTFG)9780429473692 035 $a(OCoLC)244652427 035 $a(FINmELB)ELB140184 035 $a(EXLCZ)992550000000033508 100 $a20180521d2018 uy 0 101 0 $aeng 135 $aur||||||||||| 181 $ctxt 182 $cc 183 $acr 200 10$aDialogue and desire $eMikhail Bakhtin and the linguistic turn in psychotherapy /$fRachel Pollard 205 $a1st 210 1$aLondon :$cRoutledge,$d2018. 215 $a1 online resource (334 p.) 225 1 $aUKCP Karnac series 300 $aDescription based upon print version of record. 311 $a0-367-32408-3 311 $a1-85575-449-5 320 $aIncludes bibliographical references and index. 327 $aCover; Copy Right; ACKNOWLEDGEMENTS; ABOUT THE AUTHOR; INTRODUCTION; CHAPTER ONE: Who was Mikhail Bakhtin?; CHAPTER TWO: Bakhtin, Dialogism, and European Philosophy; CHAPTER THREE: Bakhtin, the Dialogical Self and Dialogical Psychotherapy; CHAPTER FOUR: Some Limitations of Dialogism as a Model for Psychotherapy; CHAPTER FIVE: Interdividual Psychology and the Dialogical Self; CHAPTER SIX: Towards a Further Integration of Interdividual Psychology and Dialogical Consciousness via Developmental Psychology, Cognitive Neuroscience, and Linguistics; CHAPTER SEVEN: Bakhtin's Ethics and Psychotherapy 327 $aCHAPTER EIGHT: Towards a Bakhtinian Practice of PsychotherapyBIBLIOGRAPHY 330 $aMikhail Bakhtin, the Russian philosopher and cultural critic, was one of the pioneers of the 'linguistic turn' in philosophy and is now widely associated with the concept of the dialogical self and dialogical psychotherapy. However, whilst dialogism is the concept for which Bakhtin is most well known in psychotherapy, it is, in isolation, open to a wide range of interpretations that can be claimed by diverse and conflicting ideological positions. The radical contribution that a more inclusive reading of Bakhtin could bring to psychotherapy only becomes apparent when dialogism is understood in 410 0$aUKCP Karnac series. 606 $aPsychotherapy and literature 606 $aDialogism (Literary analysis) 606 $aLiterature$xPhilosophy 615 0$aPsychotherapy and literature. 615 0$aDialogism (Literary analysis) 615 0$aLiterature$xPhilosophy. 676 $a616.8914 676 $a616.8914 22 700 $aPollard$b Rachel$c(Psychotherapist),$01491356 712 02$aUnited Kingdom Council for Psychotherapy. 801 0$bOCoLC-P 801 1$bOCoLC-P 906 $aBOOK 912 $a9910781288903321 996 $aDialogue and desire$93713153 997 $aUNINA